000 00272nam a22001337a 4500
003 SGT
082 _a616.07
_bI19Y
100 _aYADAV, SONI
245 _aIMMUNOHISTOCHEMICAL EXPRESSION
260 _aSGTU
_c2019
300 _a90
650 _aPATHOLOGY
942 _2ddc
_cTH
999 _c20532
_d20532